| 000 | 00648cam a2200241 a 4500 | ||
|---|---|---|---|
| 001 | 13266862 | ||
| 005 | 20171221083526.0 | ||
| 008 | 030709s2005 caua 001 0 eng | ||
| 010 | _a 2003109628 | ||
| 020 | _a0962936065 | ||
| 035 | _a(DLC) 2003109628 | ||
| 040 |
_aDLC _cDLC |
||
| 041 | _aeng | ||
| 043 | _an-us--- | ||
| 080 | _a37 WON | ||
| 082 | _a37 WON | ||
| 100 | 1 | _a46 | |
| 101 | _aEDU | ||
| 245 | 1 | 4 |
_aThe first days of school : _cby Harry K. Wong & Rosemary T. Wong. |
| 906 |
_a7 _bcbc _corignew _d2 _eepcn _f20 _gy-gencatlg |
||
| 942 |
_2ddc _cBK |
||
| 999 |
_c39280 _d39280 |
||